00674nam a2200181 a 450000100100000000500170001000800410002704000250006808200150009310000310010824500930013926000580023230000260029050000340031604900090035095201160035999900170047500002693820200930030512.0110328s1939 dr 000 0 spa d aDO-SdBNPbspacBNPHU axxxbF825a1 aFranco, Pericles A.93715610aAnuario estadístico de la República Dominicana del año 1939 /cPericles A. Franco. aSantiago, República Dominicana :bEl Diario,c1939. av. :bmapas ;c26 cm. aLa biblioteca posee el tomo I aBNPD 001050718RVaPDbPDcHDd2011-03-28iLF1l0oxxx F825ap26938-10HGTr2020-06-25w2020-06-25y1ZNo se presta c26430d26430